| 000 | 00377nam a22001577a 4500 | ||
|---|---|---|---|
| 005 | 20160521094515.0 | ||
| 008 | 160521b xxu||||| |||| 00| 0 eng d | ||
| 041 | _aeng | ||
| 082 | _b3646 | ||
| 100 |
_aSidny H. Auner _9908 |
||
| 245 | _aIntroduction to Physical Metallurgy | ||
| 260 |
_aNew Delhi _bTMH, |
||
| 300 | _a661 | ||
| 650 |
_aDIPLOMA ENGINEERING _9817 |
||
| 942 | _cBK | ||
| 999 |
_c1246 _d1246 |
||